Statistiques concernant Associez la ville au bon pays du Mahgreb

Cliquez ici pour prendre le quiz!

Statistiques générales

  • Ce quiz a été pris 68 fois
  • Le résultat moyen est 33 sur 100

Statistiques - réponses

HintRéponse% Correct
AlgerAlgérie
70%
OranAlgérie
70%
RabatMaroc
70%
CasablancaMaroc
66%
TunisTunisie
66%
MarrakechMaroc
64%
TlemcenAlgérie
61%
FèsMaroc
61%
BéjaïaAlgérie
56%
ConstantineAlgérie
56%
NouakchottMauritanie
56%
EssaouiraMaroc
54%
TripoliLibye
52%
OuarzazateMaroc
52%
AgadirMaroc
52%
SétifAlgérie
51%
TangerMaroc
51%
MeknèsMaroc
49%
AnnabaAlgérie
48%
NadorMaroc
48%
OujdaMaroc
48%
BlidaAlgérie
46%
El OuedAlgérie
44%
NouâdhibouMauritanie
44%
SfaxTunisie
44%
BiskraAlgérie
43%
ChlefAlgérie
43%
TétouanMaroc
43%
ChefchaouenMaroc
43%
SkikdaAlgérie
41%
SousseTunisie
41%
MostaganemAlgérie
39%
BatnaAlgérie
39%
Bordj Bou ArreridjAlgérie
39%
KénitraMaroc
39%
MonastirTunisie
39%
HammametTunisie
36%
TébessaAlgérie
34%
SafiMaroc
34%
DjelfaAlgérie
33%
OuarglaAlgérie
33%
BizerteTunisie
33%
KairouanTunisie
33%
MascaraAlgérie
31%
BenghaziLibye
31%
Al HoceimaMaroc
31%
SaléMaroc
31%
GafsaTunisie
31%
BécharAlgérie
30%
TiaretAlgérie
30%
SuluqLibye
30%
KhomsLibye
30%
El JadidaMaroc
30%
RossoMauritanie
30%
TozeurTunisie
30%
Bou SâadaAlgérie
28%
GhardaïaAlgérie
28%
TouggourtAlgérie
28%
SettatMaroc
28%
BoghéMauritanie
28%
GabèsTunisie
28%
SabratahLibye
26%
SyrteLibye
26%
BerkaneMaroc
26%
Beni MellalMaroc
26%
TazaMaroc
26%
KaédiMauritanie
26%
LaghouatAlgérie
25%
La SoukraTunisie
25%
MisrataLibye
23%
LaracheMaroc
23%
KasserineTunisie
23%
QaminisLibye
21%
TobroukLibye
21%
Ksar El-KébirMaroc
21%
Al MarjLibye
20%
TahrounahLibye
20%
ArianaTunisie
20%
DernaLibye
18%
TadjourahLibye
18%
KhouribgaMaroc
18%
GarianLibye
16%
Adel BagrouMauritanie
16%
Le KefTunisie
16%
ShkiraTunisie
16%
ZlitenLibye
15%
BoutilimitMauritanie
15%
KiffaMauritanie
15%
SajnanTunisie
15%
El BeïdaLibye
13%
AlegMauritanie
13%
GhannouchTunisie
13%
ZouaraLibye
11%
AjdabiyaLibye
11%
ZouerateMauritanie
11%
ZaouïaLibye
10%
El AziziaLibye
10%
GraïbaTunisie
10%
Béni M'TirTunisie
7%
El GuettarTunisie
5%

Distribution des résultats

Percentile par nombre de réponses

% des personnes avec chaque résultat

Votre développement - résultats

Vous n’avez pas pris ce quiz